000 00726nam a2200205 i 4500
001 188314
003 SpMaBN
005 20251214063016.0
008 180806s1930 sp |||| | spa d
080 _a908(463.01)
100 1 _aCorominas, Pere,
_d1870-1939
_9234968
245 1 0 _aPor Castilla adentro
_b: ensayos /
_cPedro Corominas.
260 _aMadrid :
_bComp. Iberoamericana de Publicaciones :
_bMundo Latino,
_c[1930]
300 _a232 p. ;
_c20 cm.
490 1 _aBiblioteca Cataluña
651 _aCastilla-
_xDescripción.
_9165323
830 0 _aBiblioteca Cataluña
_9225675
852 _aES-MaACL
_jL-32217
_z. - Donat. herederos de la bibl. de Mª del Pilar Costa Palacín
999 _c188314
_d188314